000 00595nam a2200145 i 4500
001 173601
003 ES-MaACL
005 20230906215302.0
008 091211s1878 sp |||| | spa d
245 0 0 _aMemoria acerca del estado de la Universidad de Granada en el curso de 1876 1877 y datos estadsticos de la enseñanza respectivos al mismo curso de todos los establecimientos de instrucción pública del distrito.
260 _aGranada :
_b[s.n.],
_c1878 (
_fImp. de Ventura Sabatel)
300 _a203 p. ;
_c31 cm.
710 2 _aUniversidad de Granada.
_97176
852 _aES-MaACL
_jT-298-F-4
999 _c173601
_d173601